CABI Compendium: Animal Health and Production = CABI Compendio: Salud y Producción Animal (Record no. 218819)
[ view plain ]
| 000 -CABECERA | |
|---|---|
| campo de control de longitud fija | 01200npi a2200253 a 4500 |
| 003 - IDENTIFICADOR DEL NÚMERO DE CONTROL | |
| campo de control | OSt |
| 005 - FECHA Y HORA DE LA ÚLTIMA TRANSACCIÓN | |
| campo de control | 20250303122131.0 |
| 008 - DATOS DE LONGITUD FIJA--INFORMACIÓN GENERAL | |
| campo de control de longitud fija | 230524q2023 ||||||||o|||| 00| 0 eng d |
| 040 ## - FUENTE DE LA CATALOGACIÓN | |
| Centro catalogador/agencia de origen | Chap |
| Centro/agencia transcriptor | Chap |
| 245 00 - MENCIÓN DE TÍTULO | |
| Título | CABI Compendium: Animal Health and Production = CABI Compendio: Salud y Producción Animal |
| 246 31 - FORMA VARIANTE DE TÍTULO | |
| Título propio/Titulo breve | CABI Compendio: |
| Resto del título | Salud y Producción Animal |
| 250 ## - MENCIÓN DE EDICIÓN | |
| Mención de edición | 2023 |
| 505 ## - NOTA DE CONTENIDO CON FORMATO | |
| Información miscelánea | Compilación de información que vincula el conocimiento sobre salud, enfermedades, inocuidad y calidad de los alimentos y aspectos de cría de la producción ganadera y avícola. |
| 505 ## - NOTA DE CONTENIDO CON FORMATO | |
| Información miscelánea | Cobertura detallada de los aspectos sanitarios y productivos del ganado y las aves de corral |
| 650 #0 - PUNTO DE ACCESO ADICIONAL DE MATERIA--TÉRMINO DE MATERIA | |
| 9 (RLIN) | 143387 |
| Término de materia o nombre geográfico como elemento de entrada | Producción ganadera |
| 650 #7 - PUNTO DE ACCESO ADICIONAL DE MATERIA--TÉRMINO DE MATERIA | |
| 9 (RLIN) | 8636 |
| Término de materia o nombre geográfico como elemento de entrada | Aves de corral |
| 650 #7 - PUNTO DE ACCESO ADICIONAL DE MATERIA--TÉRMINO DE MATERIA | |
| 9 (RLIN) | 82275 |
| Término de materia o nombre geográfico como elemento de entrada | Nutrición animal |
| 650 #0 - PUNTO DE ACCESO ADICIONAL DE MATERIA--TÉRMINO DE MATERIA | |
| 9 (RLIN) | 141403 |
| Término de materia o nombre geográfico como elemento de entrada | Enfermedades animales |
| 650 #7 - PUNTO DE ACCESO ADICIONAL DE MATERIA--TÉRMINO DE MATERIA | |
| 9 (RLIN) | 12634 |
| Término de materia o nombre geográfico como elemento de entrada | Bienestar animal |
| 710 2# - PUNTO DE ACCESO ADICIONAL--NOMBRE DE ENTIDAD CORPORATIVA | |
| 9 (RLIN) | 187137 |
| Nombre de entidad corporativa o nombre de jurisdicción como elemento de entrada | CAB International (Wallingford, Inglaterra) |
| 856 ## - LOCALIZACIÓN Y ACCESO ELECTRÓNICOS | |
| Identificador Uniforme del Recurso | <a href="https://www.cabidigitallibrary.org/journal/cabicompendium">https://www.cabidigitallibrary.org/journal/cabicompendium</a> |
| Nota pública | ACCESO RED UACh |
| 856 ## - LOCALIZACIÓN Y ACCESO ELECTRÓNICOS | |
| Identificador Uniforme del Recurso | <a href="https://chapingo.idm.oclc.org/login?url=https://www.cabidigitallibrary.org/journal/cabicompendium">https://chapingo.idm.oclc.org/login?url=https://www.cabidigitallibrary.org/journal/cabicompendium</a> |
| Nota pública | ACCESO EXTERNO |
| 942 ## - ELEMENTOS DE PUNTO DE ACCESO ADICIONAL (KOHA) | |
| Tipo de ítem Koha | Recursos Electrónicos 2026 |
| Estado de retiro | Estado de pérdida | Fuente del sistema de clasificación o colocación | Estado dañado | No para préstamo | Código de colección | Localización permanente | Ubicación/localización actual | Ubicación en estantería | Fecha de adquisición | Total de préstamos | Fecha visto por última vez | Precio válido a partir de | Tipo de ítem Koha |
|---|---|---|---|---|---|---|---|---|---|---|---|---|---|
| Clasificación Universidad Autónoma de Chapingo | Recursos Electrónicos 2026 | Biblioteca Digital | Biblioteca Digital | En línea | 24/05/2023 | 24/05/2023 | 24/05/2023 | Recursos Electrónicos 2026 |
